000 00871nmm a2200277 a 4500
001 ocm000955182
003 TR-IsHL
005 20201028145859.0
008 150110s2012 tu tur
007 cr cn
020 _a9786055539856
035 _a955182
_b(N$T)
050 0 4 _aPL248.G49
_bK59 2012
090 0 4 _aPL248.G49
_bK59 2012
100 1 _aGezik, Hakan
245 1 0 _aKızılbaşlar: evlad-ı Kerbela, Dersim 1938
_h[electronic resource] /
_cHakan Gezik
250 _a1.basım
260 _aİstanbul :
_bParaf Yayınları,
_c2012
300 _a289 p.
650 4 _aDil ve Edebiyat
650 4 _aLanguage and Literature
650 0 _aTürk romanı
650 0 _aTurkish fiction
650 7 _aLITERARY COLLECTIONS / Middle Eastern
_2bisacsh
856 4 0 _uhttp://search.ebscohost.com/login.aspx?direct=true&scope=site&db=e011xww&AN=955182
999 _c10181
_d10181